Symbolic logic /

Guardado en:
Autor Principal: Copi, Irving M.
Formato: Libro
Idioma:English
Publicado: New York : Macmillan, c1954.
Etiquetas: Agregar Etiqueta
Sin Etiquetas, Sea el primero en etiquetar este registro!
LEADER 00414nam a22001455a 4500
001 MAT.inmabb000576
008 031118s1954####nyu###########001#0#eng#d
005 20130312155901.0
245 1 0 |a Symbolic logic /  |c Irving M. Copi. 
260 |a New York :  |b Macmillan,  |c c1954. 
300 |a xiii, 355 p. ;  |c 22 cm. 
510 4 |a MR,  |c 17,223a 
100 1 |a Copi, Irving M. 
084 |a 03B10  |2 msc2000 
859 |h 03  |i C783  |p A-373  |b BIB. MATEMATICA